00777nam a2200301Ia 4500008004100000020001800041050001100059050001400070100002100084245002300105245001700128245004100145260002100186260002700207260000900234300001600243300002800259300001000287650002200297650002700319650002100346650002700367650001500394700001900409700001700428700001100445999001900456170711s9999 xx 000 0 und d a9780857752758 a782.42 bH441 2012 aHeatley, Michael aBad girl Rihanna : bunofficial / cby Michael Heatley and Graham Betts. aUnited Kingdom : bFlame Tree Publishing, c2012 a128 pages : bcolored illustrations ; c23cm. aRihanna, -- 1988- aSingers -- Barbados -- aWomen singers -- xBarbados -- Biography. xBiography. aBetts, Graham. aSaul, Mongo. aTitle. c340017d340017